000 00283nam a22001217a 4500
008 170329b xxu||||| |||| 00| 0 eng d
041 _aeng
080 _a616-053.2
100 _a8
101 _aSHM
245 _aCARING FOR YOUR BABY AND YOUNG CHILD
_cSHELOV, S.P
942 _2udc
_cBK
999 _c8954
_d8954